First Comprehensive Survey of Medieval Estonian Visual Culture
| Titel: | First Comprehensive Survey of Medieval Estonian Visual Culture / Marek Tamm |
|---|---|
| Verfasser: | |
| In: |
Baltic journal of art history, Band 27 (2024), Seite 131-142 alle Artikel anzeigen |
| Veröffentlicht: | 2024 |
| Umfang: | 1 Illustration |
| Format: | Aufsatz |
| Sprache: | Englisch |
X
alg: 52909278 001A $03025:14-04-25 001B $01999:14-04-25 $t22:43:44.000 001D $03025:14-04-25 001U $0utf8 001X $00 002@ $0Aou 002C $aText $btxt $2rdacontent 002D $aohne Hilfsmittel zu benutzen $bn $2rdamedia 002E $aBand $bnc $2rdacarrier 003@ $0529092786 007A $0529092786 $aHEB 010@ $aeng 010E $erda 011@ $a2024 013D $#Newspapers Sections, columns, etc. Reviews $#Book reviewing $#Journaux Cahiers, chroniques, etc. Comptes rendus $#Livres Recension $#Rezension $#Rezension $#Buchbesprechung $#Buchrezension $#Buchkritik $74049712-4 $8Rezension [Ts1] $9085138568 021A $aFirst Comprehensive Survey of Medieval Estonian Visual Culture $hMarek Tamm 028A $BVerfasser $4aut $71162448180 $8Tamm, Marek$Z1973- [Tp3] $9433427744 031A $d27 $h131-142 $j2024 034M $a1 Illustration 039B $aEnthalten in $8--Abvc--. Baltic journal of art history. - Tartu : Univ. of Tartu Press, 2009-. - ISSN 1736-8812 $x202400000270000869 $9224987135 039T $aRezension von $8--Afu--Markus, Kersti$Z1962- [Tp1]. Eesti kunsti ajalugu ; 1. 1100-1520. - Tallinn : Eesti Kunstiakadeemia, [2023]. - 543 Seiten. - Illustrationen, Karten. - ISBN 978-9916-9893-3-3 $9511996438 045F $a709.47980902 $eDDC23BSB 045F/01 $a709 045F/03 $f0902 045F/03 $g4798 045T $a9,10 lok: 52909278 78 exp: 52909278 78 1 #EPN 201B/01 $014-04-25 $t13:58:58.000 201C/01 $014-04-25 201U/01 $0utf8 203@/01 $01300247991 208@/01 $a14-04-25 $be 209A/01 $a/ $f000 $x00 209A/01 $ab*p $x01 220C/01 $akoe 247C/01 $82080>Marburg/Lahn, Herder-Institut, Forschungsbibliothek, Bibliographieportal $9336309341
| LEADER | 00000caa a2200000 c 4500 | ||
|---|---|---|---|
| 001 | 529092786 | ||
| 003 | DE-603 | ||
| 005 | 20250414224344.0 | ||
| 007 | tu | ||
| 008 | 250414s2024 xx |||| | u00||u|eng c | ||
| 035 | |a (DE-599)HEB529092786 | ||
| 040 | |a DE-603 |b ger |c DE-603 |d DE-603 |e rda | ||
| 041 | |a eng | ||
| 082 | 0 | 4 | |8 1\u |a 709.47980902 |q DE-101 |2 23/BSB |
| 084 | |a 9,10 |2 ssgn | ||
| 085 | |8 1\u |b 709 | ||
| 085 | |8 1\u |z 1 |s 0902 | ||
| 085 | |8 1\u |z 2 |s 4798 | ||
| 100 | 1 | |a Tamm, Marek |d 1973- |e Verfasser |4 aut |0 (DE-603)433427744 |0 (DE-588)1162448180 |2 gnd | |
| 245 | 0 | 0 | |a First Comprehensive Survey of Medieval Estonian Visual Culture |c Marek Tamm |
| 264 | 0 | |c 2024 | |
| 300 | |b 1 Illustration | ||
| 336 | |a Text |b txt |2 rdacontent | ||
| 337 | |a ohne Hilfsmittel zu benutzen |b n |2 rdamedia | ||
| 338 | |a Band |b nc |2 rdacarrier | ||
| 655 | 7 | |a Rezension |2 gnd-content |0 (DE-588)4049712-4 |0 (DE-603)085138568 | |
| 773 | 0 | 8 | |i Enthalten in |t Baltic journal of art history |d Tartu : Univ. of Tartu Press, 2009- |h 24 cm |x 1736-8812 |g Band 27 (2024), Seite 131-142 |w (DE-603)224987135 |w (DE-600)2563410-0 |
| 787 | 0 | 8 | |i Rezension von |a Markus, Kersti, 1962- |t Eesti kunsti ajalugu ; 1. 1100-1520 |d Tallinn : Eesti Kunstiakadeemia, [2023] |h 543 Seiten, Illustrationen, Karten |z 9789916989333 |w (DE-603)511996438 |
| 924 | 0 | |9 2080 |a (DE-603)1300247991 |b DE-2080 |c HES |d d |g / | |


